Financial Accounting: Principles and Practices / (Record no. 1060)

MARC details
000 -LEADER
Fixed length control field 00483nam a2200169 4500
003 - CONTROL NUMBER IDENTIFIER
Control field SEACOMMC
005 - DATE AND TIME OF LATEST TRANSACTION
Control field 20250502114004.0
008 - FIXED-LENGTH DATA ELEMENTS--GENERAL INFORMATION
Fixed length control field 250206b |||||||| |||| 00| 0 eng d
020 ## - INTERNATIONAL STANDARD BOOK NUMBER / ISBN
International Standard Book Number 81-219-2306-9
Price Rs.300.00
040 ## - CATALOGING SOURCE
Original cataloging agency SEACOMMC
082 ## - DEWEY DECIMAL CLASSIFICATION NUMBER
Classification number 657
Book Number L 193
100 ## - MAIN ENTRY--PERSONAL NAME
Personal name Lal, Jawahar
245 1# - TITLE STATEMENT
Title Financial Accounting: Principles and Practices /
Statement of responsibility Jawahar Lal & seema Srinivasan
260 ## - IMPRINT
Place of publication New Delhi
Name of publisher S. Chand Publishers
Date of publication 2003
650 ## - SUBJECT ADDED ENTRY--TOPICAL TERM
Topical term Accountancy
942 ## - ADDED ENTRY ELEMENTS (KOHA)
Koha item type Books
Holdings
Withdrawn status Lost status Source of classification Damaged status Not for loan Home library Current library Shelving location Date acquired Total Checkouts Call number Accession number Date last seen Price effective from Koha item type Copy number
    Dewey Decimal Classification     SEACOM MANAGEMENT COLLEGE SEACOM MANAGEMENT COLLEGE Reference 22/07/2008   657 L 193 M-1933 06/02/2025 06/02/2025 Books  
    Dewey Decimal Classification     SEACOM MANAGEMENT COLLEGE SEACOM MANAGEMENT COLLEGE   22/07/2008   657 L 193 M-1934 06/02/2025 06/02/2025 Books 1
    Dewey Decimal Classification     SEACOM MANAGEMENT COLLEGE SEACOM MANAGEMENT COLLEGE   22/07/2008   657 L 193 M-1935 06/02/2025 06/02/2025 Books 2
    Dewey Decimal Classification     SEACOM MANAGEMENT COLLEGE SEACOM MANAGEMENT COLLEGE   15/09/2009   657 L 193 M-2406 03/03/2025 03/03/2025 Books 3
    Dewey Decimal Classification     SEACOM MANAGEMENT COLLEGE SEACOM MANAGEMENT COLLEGE   15/09/2009   657 L 193 M-2407 03/03/2025 03/03/2025 Books 4
    Dewey Decimal Classification     SEACOM MANAGEMENT COLLEGE SEACOM MANAGEMENT COLLEGE   15/09/2009   657 L 193 M-2408 03/03/2025 03/03/2025 Books 5
    Dewey Decimal Classification     SEACOM MANAGEMENT COLLEGE SEACOM MANAGEMENT COLLEGE   15/09/2009   657 L 193 M-2409 03/03/2025 03/03/2025 Books 6
    Dewey Decimal Classification     SEACOM MANAGEMENT COLLEGE SEACOM MANAGEMENT COLLEGE   15/09/2009   657 L 193 M-2410 03/03/2025 03/03/2025 Books 7
    Dewey Decimal Classification     SEACOM MANAGEMENT COLLEGE SEACOM MANAGEMENT COLLEGE   15/09/2009   657 L 193 M-2411 03/03/2025 03/03/2025 Books 8
© Seacom Engineering College, All rights reserved.    Powered by Koha